Monaco GP winners by countrie - Statistics

General Stats
  • This quiz has been taken 59 times
    51 since last reset
  • The average score is 15 of 18
Answer Stats
Times won Answer % Correct
17 United Kingdom
100%
6 Brazil
98%
12 Germany
98%
10 France
95%
2 Spain
93%
7 Italy
91%
2 Netherlands
88%
3 Argentina
86%
4 Australia
86%
3 Finland
86%
2 Monaco
86%
3 Austria
84%
1 Canada
79%
1 Mexico
79%
1 Sweden
72%
2 New Zealand
67%
2 South Africa
63%
1 Colombia
56%
No matching quizzes found
Score Distribution
Percent of People with Each Score
Percentile by Number Answered
Your Score History
You have not taken this quiz since the last reset